000 00492nam a2200181Ia 4500
005 20250508150722.0
008 008 250505s9999 xx 000 0 eng d
037 _aTextual
040 _aFEDL
_beng
_cFEDL
041 _aeng
_2eng
084 _a914.2, SMI
_qFEDL
100 _aSmith Wilfred
245 0 _aEconomic geography of Great Britain
260 _aLondon, UK
_bMethuen and Co. Ltd.
300 _axv,747p.
942 _cTEXL
_h914.2, SMI
999 _c1325242
_d1325242